000 00730nam a22002177a 4500
003 UA-OsUOA
001 61691
007 ta
008 20090710b un ||||| |||| 00| 0 ukr d
090 _a261.76322(477) (058)
_bП76
942 _cBK
040 _aUA-OsUOA
_bukr
_cUA-OsUOA
_dUA-OsUOA
245 _aПріоритети державної політики в галузі свободи совісті: шляхи реалізації
_bзбірник наукових матеріалів
300 _a180 с.
955 _a1
041 _aukr
080 _a261.76322(477) (058)
260 _aК.
_b"Світ Знань"
_c2007
650 7 _a26 Християнська Церква загалом
_2UDC
999 _c347458
_d347458